000 00343nam a2200145Ia 4500
008 230711s9999||||xx |||||||||||||| ||und||
041 _aENG
082 _a720
_bBA-B
100 _aBarry B.Brey
245 0 _aBuilding construction v-1
250 _a1st
260 _c1988
_aNew York
_bEnglish Language Book
650 _aArchitecture
942 _cBK
999 _c803
_d803